Smartmoney.com

Bibliographic Details
Format: Electronic Newspaper
Language:English
Published: South Brunswick, New Jersey : Dow Jones & Company, Financial Information Services
Subjects:
Online Access:Full text available from Research Library: 03/02/2012 to 02/28/2013

MARC

LEADER 00000nas a2200000 i 4500
001 ssj0001077943
003 WaSeSS
005 20200512172242.0
006 m d
007 cr n
008 140108c20uu9999njud| n|s|||||| |0eng d
035 |a (WaSeSS)ssj0001077943 
040 |a WaSeSS  |b eng  |c WaSeSS  |d WaSeSS 
043 |a n-us--- 
050 1 4 |a HG179 
245 0 0 |a Smartmoney.com  |h [electronic resource]. 
246 1 |a Smart money dot com 
260 |a South Brunswick, New Jersey :  |b Dow Jones & Company, Financial Information Services 
310 |a Daily 
506 |a License restrictions may limit access. 
588 |a Description based on: March 2, 2012; title from title screen (ProQuest, viewed Jan. 8, 2014). 
588 |a Latest issue consulted: February 28, 2013 (viewed Jan. 8, 2014). 
650 0 |a Finance, Personal  |z United States  |v Newspapers. 
650 0 |a Consumer education  |z United States  |v Newspapers. 
655 0 |a Electronic journals. 
856 4 0 |z Full text available from Research Library: 03/02/2012 to 02/28/2013  |u https://search.proquest.com/publication/1006421